| 000 | 01410cam a2200361 a 4500 | ||
|---|---|---|---|
| 999 |
_c130057 _d130057 |
||
| 001 | 15595947 | ||
| 003 | ARRUPE | ||
| 005 | 20191118093258.0 | ||
| 008 | 090123s2010 maua b 001 0 eng | ||
| 010 | _a 2009002181 | ||
| 020 | _a9780073378640 (pbk.) | ||
| 020 | _a007337864X (pbk.) | ||
| 035 | _a(OCoLC)ocn299381497 | ||
| 040 |
_aDLC _cDLC _dCDX _dSINIE _dDLC |
||
| 043 | _an-us--- | ||
| 050 | 0 | 0 |
_aLA217.2 _b.N45 2010 |
| 082 | 0 | 0 |
_a370.973 _222 |
| 100 | 1 |
_aNelson, Jack L. _948737 |
|
| 245 | 1 | 0 |
_aCritical issues in education : _bdialogues and dialectics / _cJack L. Nelson, Stuart B. Palonsky, Mary Rose McCarthy ; foreword by Nel Noddings. |
| 250 | _a7th ed. | ||
| 260 |
_aBoston, Mass. : _bMcGraw Hill Higher Education, _cc2010. |
||
| 300 |
_axix, 491 p. : _bill. ; _c24 cm. |
||
| 504 | _aIncludes bibliographical references and index. | ||
| 650 | 0 |
_aEducation _zUnited States. _947124 |
|
| 650 | 0 |
_aTeaching _zUnited States. _948738 |
|
| 650 | 0 |
_aEducational evaluation _zUnited States. _948739 |
|
| 650 | 0 |
_aCritical thinking _zUnited States. _948740 |
|
| 700 | 1 |
_aPalonsky, Stuart B. _948741 |
|
| 700 | 1 |
_aMcCarthy, Mary Rose. _948742 |
|
| 906 |
_a7 _bcbc _corignew _d1 _eecip _f20 _gy-gencatlg |
||
| 942 |
_2lcc _cMONOGRAPH |
||